| 000 | 00438nam a22001697a 4500 | ||
|---|---|---|---|
| 003 | ASAB | ||
| 005 | 20180827062825.0 | ||
| 008 | 180426t xxu||||| |||| 00| 0 eng d | ||
| 020 | _a81-7622-127-9 | ||
| 040 | _cASAB | ||
| 082 | _a637.12 | ||
| 245 |
_aAnalysis of milk and its products _cMilk Industry foundation |
||
| 260 |
_aDelhi, India _bBiotech books _c2011 |
||
| 300 |
_a628 p _c22 cm |
||
| 630 |
_aMilk _93708 |
||
| 942 |
_2ddc _cBK |
||
| 999 |
_c480774 _d480774 |
||